Les 10 prénoms des personnes qui ont le QI le plus faible - Statistiques

Statistiques générales
  • Ce quiz a été pris 169 fois
  • Le résultat moyen est 2 sur 10
Statistiques - réponses
TOP QI moyen Prénoms % Correct
7 86 Emma
48%
3 82 Sarah
39%
6 85 Louise
33%
1 80 Jonathan
20%
2 82 Aline
13%
4 83 Hervé
12%
10 87?5 Timothé
11%
8 86,5 Olivier
8%
9 87 Caroline
7%
5 84 Manuel
6%
Aucun quiz correspondant
Distribution des résultats
% des personnes avec chaque résultat
Percentile par nombre de réponses
Votre historique - résultats
Vous n’avez pas pris ce quiz